Loading...
| Painting/Sculpture | 0 | 5 | 0 | 0 | 50 | 86 | 92.60 | 0 | 2 | 0.00 | 0.00 |
| Literature - World | 0 | 4 | 0 | 1 | 40 | 70 | 90.25 | 1 | 3 | 0.00 | 0.00 |
| Geography | 0 | 3 | 0 | 0 | 30 | 33 | 60.33 | 0 | 2 | 0.00 | 0.00 |
| History - American | 0 | 2 | 0 | 0 | 20 | 35 | 37.00 | 0 | 2 | 0.00 | 0.00 |
| Literature - European | 0 | 2 | 0 | 0 | 20 | 115 | 120.00 | 0 | 1 | 0.00 | 0.00 |
| Literature - British | 0 | 2 | 1 | 0 | 15 | 112 | 114.50 | 1 | 1 | 0.00 | 0.00 |
| Science - Other | 0 | 1 | 0 | 0 | 10 | 55 | 55.00 | 1 | 1 | 0.00 | 0.00 |
| Literature - American | 0 | 1 | 0 | 0 | 10 | 90 | 90.00 | 0 | 1 | 0.00 | 0.00 |
| Religion | 0 | 1 | 0 | 1 | 10 | 113 | 113.00 | 0 | 0 | 0.00 | 0.00 |
| Fine Arts - Other | 0 | 1 | 0 | 0 | 10 | 37 | 37.00 | 0 | 1 | 0.00 | 0.00 |